|
|
|
แสดงรายละเอียดบรรณานุกรม |
|
|
Brief Record
: Get Marc (ISO 2709)
: E-mail record
: |
|
|
| LEADER 00000nam 2200000uu 4500 | |||
| 001 13399107723 | |||
| 003 BCNR | |||
| 008 100914s2550||||th 000 0 tha d | |||
| 020 9741333177 | |||
| 050 4 QH541^bช356ม 2550 | |||
| 100 0 ชัชพล ทรงสุนทรวงศ์ | |||
| 245 10 มนุษย์กับสิ่งแวดล้อม /^cชัชพล ทรงสุนทรวงศ์ | |||
| 250 พิมพ์ครั้งที่ 4 (ฉบับแก้ไขปรับปรุง) | |||
| 260 กรุงเทพฯ :^bสำนักพิมพ์แห่งจุฬาลงกรณ์มหาวิทยาลัย,^c2550 | |||
| 300 0356 หน้า :^bภาพประกอบ, ตาราง ;^c26 ซม. | |||
| 650 7 นิเวศวิทยามนุษย์ | |||
| 650 7 มนุษย์^xอิทธิพลของสิ่งแวดล้อม | |||
| 650 7 การจัดการสิ่งแวดล้อม | |||
| 999 ^aบรรณารักษ์ | |||
| คุณยังไม่ได้ล็อกอิน คุณสามารถมีกิจกรรมร่วมกับเว็บไซต์ได้ แต่ต้องล็อกอินก่อน :: |
|
| สถานะ | |||||||||
| 1. | หนังสือ | QH541 ช356ม 2550 ฉ.13 Barcode: 041848 | ►หนังสือทั่วไป | On Shelf | |||||
| 2. | หนังสือ | QH541 ช356ม 2550 ฉ.14 Barcode: 041849 | ►หนังสือทั่วไป | On Shelf | |||||
| 3. | หนังสือ | QH541 ช356ม 2550 ฉ.15 Barcode: 041850 | ►หนังสือทั่วไป | On Shelf | |||||
| 4. | หนังสือ | QH541 ช356ม 2550 ฉ.16 Barcode: 041851 | ►หนังสือทั่วไป | On Shelf | |||||
| 5. | หนังสือ | QH541 ช356ม 2550 ฉ.17 Barcode: 041852 | ►หนังสือทั่วไป | On Shelf | |||||
| 6. | หนังสือ | QH541 ช356ม 2550 ฉ.18 Barcode: 041853 | ►หนังสือทั่วไป | On Shelf | |||||
| 7. | หนังสือ | QH541 ช356ม 2550 ฉ.19 Barcode: 041854 | ►หนังสือทั่วไป | On Shelf | |||||
| 8. | หนังสือ | QH541 ช356ม 2550 ฉ.20 Barcode: 041855 | ►หนังสือทั่วไป | On Shelf | |||||
| | |||||||||
BibComment |
| คอมเมนท์ทรัพยากรรายการนี้ |
|
|